Every Winner Of The F1 Dutch Grand Prix - Statistics

General Stats
  • This quiz has been taken 14 times
  • The average score is 28 of 36
Answer Stats
Hint Answer % Correct
2024 Lando Norris
100%
2021 Max Verstappen
100%
2022 Max Verstappen
100%
2023 Max Verstappen
100%
1981 Alain Prost
92%
1984 Alain Prost
92%
1968 Jackie Stewart
92%
1969 Jackie Stewart
92%
1973 Jackie Stewart
92%
1955 Juan Manuel Fangio
92%
1952 Alberto Ascari
85%
1953 Alberto Ascari
85%
1962 Graham Hill
85%
1963 Jim Clark
85%
1964 Jim Clark
85%
1965 Jim Clark
85%
1967 Jim Clark
85%
1980 Nelson Piquet
85%
1974 Niki Lauda
85%
1977 Niki Lauda
85%
1985 Niki Lauda
85%
1958 Stirling Moss
85%
1975 James Hunt
77%
1976 James Hunt
77%
1978 Mario Andretti
77%
1979 Alan Jones
69%
1970 Jochen Rindt
69%
1983 Rene Arnoux
69%
1961 Wolfgang Von Trips
69%
1960 Jack Brabham
54%
1966 Jack Brabham
54%
1982 Didier Pironi
46%
1971 Jacky Ickx
46%
1959 Jo Bonnier
46%
1950 Louis Rosier
23%
1951 Louis Rosier
23%
No matching quizzes found
Score Distribution
Percent of People with Each Score
Percentile by Number Answered
Your Score History
You have not taken this quiz